000 01166nam2a22002531 4500
001 RU\NLR\INFOCOMM18\1000190263
005 20250617010250.0
035 _a(NLR Aleph) 002331911
090 _a4454100
_c4454100
100 _a20041013d1895 |||y0rusy50 ca
101 0 _arus
102 _aRU
105 _ay |||||||||
200 1 _aМирские расходы и доходы крестьян за 1891 год в 50-ти губерниях Европейской России
210 _d1895
_aБ. м.
461 0 _1001RU\NLR\INFOCOMM18\1000190225
_12001#$aВестник Центрального статистического комитета Министерства внутренних дел$v№38
_94453954
_aРоссия. Центральный статистический комитет
_cСПб.
_d1888-1903
_tВестник Центрального статистического комитета Министерства внутренних дел
_v№38
801 1 _aRU
_bInfoComm
_c20041013
801 0 _aRU
_bNLR
_gPSBO
852 _aNLR
_j18.298.4.9
852 _aNLR
_j132/3783
942 _cISSUE
980 _aNB
980 _aRUSPER